Statistics for 60 Seconds Borders Quiz #1

Click here to take the quiz!

General Stats

  • This quiz has been taken 27 times
  • The average score is 16 of 45

Answer Stats

HintAnswer% Correct
South AfricaLesotho
82%
South AfricaSwaziland
73%
South AfricaNamibia
64%
AlgeriaLibya
59%
AlgeriaMorocco
59%
FranceSpain
59%
MyanmarThailand
59%
ArgentinaBrazil
55%
AlgeriaTunisia
55%
D.R.CongoAngola
50%
MyanmarBangladesh
50%
MyanmarIndia
50%
MyanmarChina
45%
FranceGermany
45%
D.R.CongoRwanda
45%
FranceItaly
41%
AlgeriaMali
41%
AlgeriaNiger
41%
D.R.CongoZambia
41%
FranceBelgium
36%
South AfricaBotswana
36%
D.R.CongoBurundi
36%
ArgentinaChile
36%
South AfricaMozambique
36%
D.R.CongoTanzania
36%
FranceAndorra
32%
ArgentinaBolivia
32%
D.R.CongoUganda
32%
MexicoGuatemala
27%
FranceLuxembourg
27%
ArgentinaParaguay
27%
MexicoUnited States
27%
ArgentinaUruguay
27%
South AfricaZimbabwe
27%
AlgeriaMauritania
23%
MexicoBelize
18%
D.R.CongoCentral African Republic
14%
D.R.CongoSouth Sudan
14%
FranceSwitzerland
14%
GhanaTogo
14%
GhanaCote D'Ivoire
9%
D.R.CongoRepublic of the Congo
9%
GhanaBurkina Faso
5%
SomaliaEthiopia
5%
FranceNetherlands
5%

Score Distribution

Percentile by Number Answered

Percent of People with Each Score

Your Score History

You have not taken this quiz